[Event "Stay Safe Play From Home 244"]
[Site "Emanuel Lasker Arena"]
[Date "2020.06.22"]
[Round "1"]
[White "Dj amir"]
[Black "MartinKestler"]
[Result "1-0"]
[WhiteElo "2417"]
[BlackElo "1907"]
[Annotator "RC"]
[PlyCount "151"]
[EventDate "2020.06.22"]
[EventType "swiss (blitz)"]

1. e3 {[%emt 0:00:10]} d5 {[%emt 0:00:00]} 2. d4 {[%emt 0:00:00]} c6 {[%emt 0:00:01]} 3. Nf3 {[%emt 0:00:00]} Nf6 {[%emt 0:00:00]} 4. Be2 {[%emt 0:00:01]} g6 {[%emt 0:00:00]} 5. O-O {[%emt 0:00:00]} Bg7 {[%emt 0:00:00]} 6. Ne5 {[%emt 0:00:01]} O-O {[%emt 0:00:01]} 7. f4 {[%emt 0:00:07]} Bf5 {[%emt 0:00:01]} 8. Nd2 {[%emt 0:00:01]} Nbd7 {[%emt 0:00:02]} 9. c3 {[%emt 0:00:00]} e6 {[%emt 0:00:01]} 10. g4 {[%emt 0:00:01]} Be4 {[%emt 0:00:02]} 11. Nxe4 {[%emt 0:00:01]} Nxe4 {[%emt 0:00:00]} 12. Nxd7 {[%emt 0:00:02]} Qxd7 {[%emt 0:00:00]} 13. g5 {[%emt 0:00:00]} f6 {[%emt 0:00:01]} 14. gxf6 {[%emt 0:00:00]} Rxf6 {[%emt 0:00:02]} 15. Bf3 {[%emt 0:00:00]} Nd6 {[%emt 0:00:04]} 16. Bd2 {[%emt 0:00:01]} Nf5 {[%emt 0:00:01]} 17. Qe2 {[%emt 0:00:01]} Rff8 {[%emt 0:00:01]} 18. Bg4 {[%emt 0:00:01]} Rae8 {[%emt 0:00:02]} 19. Rae1 {[%emt 0:00:01]} Qd6 {[%emt 0:00:01]} 20. Qg2 {[%emt 0:00:01]} Ne7 {[%emt 0:00:01]} 21. Be2 {[%emt 0:00:00]} Nf5 {[%emt 0:00:01]} 22. Bd3 {[%emt 0:00:00]} Re7 {[%emt 0:00:02]} 23. Qg4 {[%emt 0:00:01]} Ref7 {[%emt 0:00:01]} 24. Re2 {[%emt 0:00:01]} Qe7 {[%emt 0:00:01]} 25. Rg2 {[%emt 0:00:01]} Qf6 {[%emt 0:00:01]} 26. Qe2 {[%emt 0:00:01]} Qe7 {[%emt 0:00:01]} 27. Rg4 {[%emt 0:00:00]} Qd7 {[%emt 0:00:01]} 28. Qg2 {[%emt 0:00:00]} Kh8 {[%emt 0:00:01]} 29. h4 {[%emt 0:00:00]} Qe7 {[%emt 0:00:03]} 30. Qh3 {[%emt 0:00:01]} Rf6 {[%emt 0:00:01]} 31. Kg2 {[%emt 0:00:01]} Rg8 {[%emt 0:00:01]} 32. Rh1 {[%emt 0:00:01]} Bh6 {[%emt 0:00:01]} 33. h5 {[%emt 0:00:01]} g5 {[%emt 0:00:02]} 34. fxg5 {[%emt 0:00:02]} Rxg5 {[%emt 0:00:00]} 35. Rxg5 {[%emt 0:00:01]} Bxg5 {[%emt 0:00:00]} 36. Qg4 {[%emt 0:00:01]} Qg7 {[%emt 0:00:02]} 37. Bxf5 {[%emt 0:00:01]} exf5 {[%emt 0:00:01]} 38. Qg3 {[%emt 0:00:00]} h6 {[%emt 0:00:04]} 39. Rf1 {[%emt 0:00:01]} Rf7 {[%emt 0:00:01]} 40. Kh3 {[%emt 0:00:01]} Qf6 {[%emt 0:00:00]} 41. Rf3 {[%emt 0:00:01]} Kh7 {[%emt 0:00:01]} 42. Be1 {[%emt 0:00:01]} Qe6 {[%emt 0:00:00]} 43. Kh2 {[%emt 0:00:01]} Qe4 {[%emt 0:00:00]} 44. Qh3 {[%emt 0:00:01]} Qe6 {[%emt 0:00:01]} 45. Bg3 {[%emt 0:00:01]} Qe4 {[%emt 0:00:01]} 46. Be5 {[%emt 0:00:00]} Qc2+ {[%emt 0:00:02]} 47. Qg2 {[%emt 0:00:00]} Qxg2+ {[%emt 0:00:02]} 48. Kxg2 {[%emt 0:00:00]} f4 {[%emt 0:00:00]} 49. exf4 {[%emt 0:00:01]} Be7 {[%emt 0:00:01]} 50. Kh3 {[%emt 0:00:00]} Rf5 {[%emt 0:00:01]} 51. Kg4 {[%emt 0:00:01]} Rf7 {[%emt 0:00:00]} 52. f5 {[%emt 0:00:00]} Rg7+ {[%emt 0:00:00]} 53. Bxg7 {[%emt 0:00:01]} Kxg7 {[%emt 0:00:01]} 54. Kf4 {[%emt 0:00:01]} Bf6 {[%emt 0:00:00]} 55. Rg3+ {[%emt 0:00:01]} Kf7 {[%emt 0:00:00]} 56. Rg6 {[%emt 0:00:00]} Ke7 {[%emt 0:00:00]} 57. Rxh6 {[%emt 0:00:00]} Kf7 {[%emt 0:00:00]} 58. Rg6 {[%emt 0:00:00]} Ke7 {[%emt 0:00:01]} 59. h6 {[%emt 0:00:00]} Kf7 {[%emt 0:00:00]} 60. h7 {[%emt 0:00:00]} Bh8 {[%emt 0:00:01]} 61. Rg8 {[%emt 0:00:00]} Bf6 {[%emt 0:00:00]} 62. h8=Q {[%emt 0:00:00]} Bxh8 {[%emt 0:00:00]} 63. Rxh8 {[%emt 0:00:00]} Kf6 {[%emt 0:00:00]} 64. Rh5 {[%emt 0:00:00]} Ke7 {[%emt 0:00:00]} 65. Rh6 {[%emt 0:00:00]} Kf7 {[%emt 0:00:00]} 66. Re6 {[%emt 0:00:00]} Kg7 {[%emt 0:00:00]} 67. Ke5 {[%emt 0:00:00]} Kf7 {[%emt 0:00:00]} 68. f6 {[%emt 0:00:00]} Kg8 {[%emt 0:00:00]} 69. Re7 {[%emt 0:00:00]} Kh8 {[%emt 0:00:01]} 70. Ke6 {[%emt 0:00:00]} Kg8 {[%emt 0:00:00]} 71. f7+ {[%emt 0:00:00]} Kg7 {[%emt 0:00:01]} 72. Re8 {[%emt 0:00:00]} Kg6 {[%emt 0:00:00]} 73. f8=Q {[%emt 0:00:00]} Kg5 {[%emt 0:00:00]} 74. Qf7 {[%emt 0:00:00]} Kg4 {[%emt 0:00:00]} 75. Rg8+ {[%emt 0:00:00]} Kh3 {[%emt 0:00:01]} 76. Qg7 {[%emt 0:00:00] Zeit (Lag: Av=0.80s, max=1.5s) '} 1-0

[Event "Stay Safe Play From Home 244"]
[Site "Emanuel Lasker Arena"]
[Date "2020.06.22"]
[Round "1"]
[White "Lamborghini"]
[Black "Dave_H"]
[Result "1-0"]
[WhiteElo "2207"]
[BlackElo "1815"]
[Annotator "TA"]
[PlyCount "43"]
[EventDate "2020.06.22"]
[EventType "swiss (blitz)"]
[BlackTeam "SK Vellmar"]

{[%evp 21,43,33,39,-47,-41,-58,-26,-166,-39,-23,154,-48,-38,-39,0,0,0,0,0,0,0,0,0,0]} 1. e4 e5 2. Nf3 Nc6 3. Bb5 a6 4. Ba4 Nf6 5. O-O Be7 6. Re1 b5 7. Bb3 d6 8. c3 O-O 9. h3 Nb8 {[%cal Bc6b8,Bb8d7,Bd7e5][%mdl 32]} 10. d4 Nbd7 11. Nbd2 Bb7 12. Nf1 {C95: Closed Ruy Lopez: Breyer Variation with 10 d4.} (12. Bc2 $14) 12... Nxe4 $15 13. dxe5 {[#]} Nxe5 $146 ({Predecessor:} 13... dxe5 14. Qc2 Nec5 15. Nxe5 Nxb3 16. axb3 Nxe5 17. Rxe5 Bd6 18. Re2 Qh4 19. Qf5 Rae8 20. Rxe8 Rxe8 {0-1 (50) Ankhchimeg,B (2216)-Vijayalakshmi,S (2394) Bled 2002}) 14. Nd4 (14. Nxe5 $11 {and White stays safe.} dxe5 15. Qxd8 Raxd8 16. Bc2) 14... Nf6 (14... Bh4 $19 15. Re2 Qf6) 15. Nf5 Nfd7 $2 {[#]} ({Black should try} 15... Re8 $11) 16. N1g3 $2 ({White has to play} 16. Nxe7+ $16 Qxe7 17. f4) 16... Bf6 17. Nh5 g6 18. Nh6+ {The position is equal.} Kh8 {[#] White must now prevent ...Bg5.} 19. Nxf6 Qxf6 20. Ng4 Nxg4 21. Qxg4 Ne5 22. Qg3 $1 {[%mdl 32768] Accuracy: White = 50%, Black = 24%. . Loss on time!?} 1-0

[Event "Stay Safe Play From Home 244"]
[Site "Emanuel Lasker Arena"]
[Date "2020.06.22"]
[Round "1"]
[White "SoulofWolf"]
[Black "Trotsky"]
[Result "1-0"]
[WhiteElo "2137"]
[BlackElo "1560"]
[Annotator "TA"]
[PlyCount "61"]
[EventDate "2020.06.22"]
[EventType "swiss (blitz)"]

{[%evp 15,61,17,22,2,109,14,143,135,196,177,287,174,233,231,225,212,256,161,259,262,533,516,574,568,711,697,827,799,1158,1066,1056,925,1132,1115,965,927,1883,1203,1180,1012,1455,1449,1387,1302,29993,29991,29997,29995]} 1. d4 d5 2. Nf3 e6 3. c4 c5 4. Nc3 Nc6 5. e3 Nf6 6. a3 a6 7. dxc5 Bxc5 8. b4 Bd6 9. Bb2 {[#] D40: Queen's Gambit Declined: Semi-Tarrasch with 5 e3.} Qc7 $146 (9... dxc4 $11 10. Bxc4 O-O) ({Predecessor:} 9... O-O 10. Rc1 dxc4 11. Bxc4 b5 12. Bd3 Ne5 13. Nxe5 Bxe5 14. f4 Bxc3+ 15. Bxc3 Bb7 16. O-O Rc8 17. Bd4 Rxc1 18. Qxc1 {½-½ (46) Bu,X (2705)-Wang,H (2756) Ningbo 2019}) 10. Qb3 ({White should try} 10. cxd5 $16 exd5 11. Nxd5 Nxd5 12. Qxd5) 10... d4 (10... dxc4 $11 11. Bxc4 O-O) 11. exd4 $16 {White is clearly better.} Bd7 (11... O-O $16 12. Bd3 b6) 12. Be2 h5 (12... O-O $142 13. O-O Ne7) 13. O-O-O O-O-O (13... Ne7 $142 14. Kb1 O-O) 14. Kb1 $18 {Threatens to win with d5.} Kb8 15. Ka2 Rc8 16. Rc1 Ka8 (16... Bf4 $142) 17. Rhd1 e5 $2 (17... Bf4 18. Ra1 Bh6) 18. Nd5 Nxd5 19. cxd5 {[%mdl 64] [#] Discovered Attack} exd4 20. dxc6 bxc6 21. Nxd4 c5 22. Bxa6 Rb8 23. b5 Be6 24. Nxe6 fxe6 25. g3 Qb6 26. f4 Rhd8 27. Rc2 Be7 28. Rcd2 Rxd2 29. Rxd2 c4 30. Qxc4 Qg1 31. Qe4+ {Black got outplayed after the opening. Accuracy: White = 59%, Black =  4%.} 1-0

[Event "Stay Safe Play From Home 244"]
[Site "Emanuel Lasker Arena"]
[Date "2020.06.22"]
[Round "1"]
[White "Lazieri3"]
[Black "Bardellosport"]
[Result "1-0"]
[WhiteElo "2132"]
[BlackElo "2035"]
[Annotator "TA"]
[PlyCount "83"]
[EventDate "2020.06.22"]
[EventType "swiss (blitz)"]

{[%evp 9,82,44,63,65,70,64,74,68,73,8,57,0,0,0,0,-27,0,-45,222,229,187,18,250,62,165,173,172,169,385,45,81,0,0,0,0,0,0,-92,-82,-119,565,565,550,544,555,435,604,615,589,474,475,475,450,435,442,371,388,344,825,806,29978,29978,29965,29966,29993,29994,29994,29995,29996,29997,29997,29998,29998,29999,29999]} 1. e4 Nc6 2. Nc3 d6 3. Nf3 Nf6 4. d4 g6 5. d5 Ne5 6. Nxe5 {B00: Queen's Fianchetto Defence, Nimzowitsch Defence.} dxe5 7. Be3 Bg7 8. Qd2 {White is better.} O-O 9. Bh6 (9. f3 $16) 9... e6 {[#]} 10. Bc4 $146 (10. O-O-O $14) ({Predecessor:} 10. Bxg7 Kxg7 11. O-O-O exd5 12. exd5 a6 13. h4 h6 14. Be2 Ne8 15. Qe3 Qf6 16. g4 {1-0 (43) Kogan,A (2483)-Durao,J (2136) Dos Hermanas 2000}) 10... exd5 11. exd5 Qd6 12. h4 Bf5 13. h5 Ng4 $2 {[%mdl 8192]} (13... Bxh6 $15 {keeps the upper hand.} 14. Qxh6 Qb4) 14. Bxg7 $18 Kxg7 15. hxg6 $2 ({White should try} 15. f3 $18) 15... fxg6 $2 (15... Qc5 $1 $11) 16. O-O-O $2 ({White has to play} 16. f3 $18 Nf6 17. g4) 16... e4 (16... Qc5 $14) 17. f3 exf3 18. gxf3 Ne5 $2 {[#]} (18... Nf6 {is a better defense.} 19. Ne4 Bxe4 20. Qh6+ (20. fxe4 h5 $11) 20... Kh8 21. fxe4 Nh5) 19. Qd4 $2 (19. Qh6+ $1 $18 Kf6 20. Qh4+ g5 21. Ne4+ Bxe4 22. Qxe4) 19... Qf6 20. f4 ({White should play} 20. Be2 $16) 20... Nf3 $11 21. Qxf6+ Rxf6 22. Nb5 $36 {[%mdl 2048] aiming for Be2. White has good play.} Rc8 23. Rdf1 (23. Nxa7 $11 {keeps the balance.} Rd8 24. Nb5) 23... Bg4 24. Be2 Ne5 $2 {[%mdl 8192]} (24... Rxf4 $17 {...a6 is the strong threat.} 25. Nxa7 Rd8) 25. fxe5 $18 Rxf1+ 26. Bxf1 a6 27. Nc3 Bf5 28. Bd3 Bg4 29. d6 cxd6 30. exd6 Rd8 31. Ne4 h5 32. Bc4 Bf3 33. Re1 h4 $2 (33... Bxe4 34. Rxe4 Kf6 35. Re6+ Kf5) 34. Ng5 {And now Ne6+ would win.} Bc6 35. Ne6+ {[%mdl 64] [#] Double Attack. White mates.} Kh6 36. Nxd8 g5 37. Nxc6 Kh5 38. d7 g4 39. d8=Q g3 40. Qg8 bxc6 41. Re7 {[%cal Re7h7]} Kh6 42. Rh7# {Accuracy: White = 38%, Black = 39%.} 1-0

[Event "Stay Safe Play From Home 244"]
[Site "Emanuel Lasker Arena"]
[Date "2020.06.22"]
[Round "1"]
[White "Haxhi Baha"]
[Black "Mepe_Nika"]
[Result "0-1"]
[WhiteElo "2033"]
[BlackElo "2348"]
[Annotator "TA"]
[PlyCount "94"]
[EventDate "2020.06.22"]
[EventType "swiss (blitz)"]

{[%evp 9,94,28,28,32,26,21,12,-20,39,28,23,34,41,37,131,-53,56,65,72,-119,-115,-156,-133,-151,-120,-156,-112,-153,-157,-153,-139,-156,-131,-130,-110,-103,20,-204,91,56,70,83,85,-6,-10,-308,301,81,51,-331,-335,-296,-86,-360,-85,-297,-301,-285,-308,-350,-378,-624,-612,-589,579,564,565,565,565,558,554,542,720,-3,-2,-8,0,-252,-88,-88,-88,-88,-16,-316,-8,-8,0]} 1. e4 g6 2. f4 c6 3. Nf3 d5 4. e5 Bg4 5. h3 Bxf3 6. Qxf3 {B06: Modern Defence.} e6 7. d4 h5 8. Be3 Nh6 (8... Qb6 $11 9. b3 c5) 9. Nd2 Nf5 10. Bf2 h4 {[#]} 11. O-O-O $146 ({Predecessor:} 11. Bd3 Qb6 12. Bxf5 gxf5 13. Nb3 Nd7 14. O-O Rc8 15. Rac1 Qa6 16. a3 c5 17. dxc5 Nxc5 18. Bxc5 Bxc5+ {1-0 (29) James,D (2171)-Majer,C (2054) England 2010}) 11... c5 (11... a5 $14) 12. Bd3 $2 (12. dxc5 $16 Qc7 13. Nb3) 12... Nc6 (12... c4 $15 13. Bxf5 gxf5) 13. Bxf5 $14 gxf5 14. g3 $2 (14. dxc5 $16 {stays on course.} Qa5 15. Kb1) 14... hxg3 $17 ({Of course not} 14... cxd4 $6 15. gxh4 Rc8 16. Kb1 $11) (14... Nxd4 $6 15. Bxd4 cxd4 16. g4 $11) 15. Bxg3 Nxd4 16. Qf2 Qa5 17. Kb1 Be7 18. c3 Nc6 19. h4 O-O-O 20. Nb3 Qb6 21. h5 a5 22. Bh4 {Bxe7 would now be nice for White.} a4 (22... Rxh5 $17 {Threatens to win with ...Rdh8.} 23. Bxe7 Rxh1 24. Rxh1 Nxe7 25. Qxc5+ Qxc5 26. Nxc5 Ng6) 23. Nd2 $2 (23. Bxe7 $11 {and White is okay.} Nxe7 24. Qxc5+ (24. Nxc5 a3 $14) 24... Qxc5 25. Nxc5) 23... d4 $2 ({Black should try} 23... Rxh5 $19 24. Bxe7 Rxh1 25. Rxh1 Nxe7) 24. Nc4 Qc7 $1 25. Bxe7 Qxe7 26. Nb6+ (26. Qc2 $1 $16) 26... Kc7 27. Nxa4 $2 {[%mdl 8192]} (27. Nc4 $11) 27... d3 $4 {[%mdl 8192]} (27... b5 $19 28. cxd4 bxa4 29. dxc5 Rxh5 $1 {[%mdl 512]}) 28. Qe3 $2 ({Resist} 28. Qxc5 Kb8 $18) (28. Nxc5 $18 {is more deadly.} Rd5 29. Nxd3) 28... c4 $16 29. Qc5 $2 {[%mdl 8192]} (29. Qb6+ $14 {stays ahead.} Kb8 30. b3) 29... Qxc5 $19 30. Nxc5 Rh6 $2 (30... Ne7 $19 {Strongly threatening ...Kc6.} 31. a4 Kc6) 31. Rh4 $2 {[%mdl 8192]} (31. b3 $17 {is the only way for White.}) 31... Rdh8 $2 (31... Ne7 $19 {has better winning chances. Hoping for ...Kc6.} 32. a4 Kc6) 32. Rdh1 $2 (32. b3 $17 {was the only defense.}) 32... Ne7 33. b3 b5 {[%cal Bb7b5,Bb5c4][%mdl 32]} 34. bxc4 bxc4 35. a4 $2 (35. Na4 Nd5 36. Nb2) 35... Nd5 36. Kb2 Nxf4 $4 {[%mdl 8192]} (36... Kc6 $19 {and all is fine.} 37. Na6 Ra8 38. Nb4+ Nxb4 39. cxb4 Rxa4) 37. Rxf4 $18 Rxh5 38. Rxh5 Rxh5 39. Rxc4 $19 {[%mdl 4096] Endgame KRN-KR} Rh2+ 40. Ka3 Kc6 41. Rd4 $2 (41. Nxd3+ $18 Kb7 42. Kb4) 41... Kxc5 $11 42. Rxd3 {KR-KR} f4 43. Rd6 $2 {[%mdl 8192]} (43. Rd4 $11 {and White stays safe.}) 43... Rh3 $2 (43... Rh5 $19 {and Black stays clearly on top. ...f3 is the strong threat.} 44. Kb3 Rxe5) 44. Rd7 $17 Rxc3+ 45. Kb2 Re3 (45... Rc4 $17 46. a5 Rb4+ 47. Ka3 Rb5) 46. Rc7+ $2 {[%mdl 8192] [#]} (46. Rxf7 $11 Re4 47. Kb3) 46... Kb6 $2 ({Black should play} 46... Kd4 $1 $19 47. Rxf7 Re4) 47. Rxf7 $11 f3 {[%mdl 32768] A wild game. Accuracy: White = 33%, Black = 38%. . Loss on time!?} 0-1

[Event "Stay Safe Play From Home 244"]
[Site "Emanuel Lasker Arena"]
[Date "2020.06.22"]
[Round "1"]
[White "Grazie"]
[Black "Tolka"]
[Result "0-1"]
[WhiteElo "1819"]
[BlackElo "2218"]
[Annotator "TA"]
[PlyCount "106"]
[EventDate "2020.06.22"]
[EventType "swiss (blitz)"]

{[%evp 9,106,9,11,-8,-2,-24,-30,-27,-30,-31,11,8,-9,-29,86,-33,275,-24,-21,-38,-44,-46,-15,-26,-28,-110,-110,-131,-6,-15,0,0,109,-341,-342,-342,-321,-329,-321,-329,-329,-339,-321,-322,-314,-329,-319,-328,-314,-320,-195,-331,-331,-433,-377,-389,0,-419,-324,-383,-377,-422,-422,-536,-379,-509,-496,-656,-633,-785,-783,-747,-715,-895,-796,-796,-754,-6652,-5643,-29981,-29982,-29983,-29984,-29984,-29982,-29982,-29982,-29983,-29984,-29984,-29982,-29982,-29983,-29983,-29984,-29984,-29984,-29984,-29985]} 1. d4 d5 2. c3 e6 3. g3 f5 4. Bg2 Bd6 5. Nf3 Nf6 6. Bg5 {D00: 1 d4 d5: Unusual lines.} O-O {[#]} 7. Bxf6 $146 ({Predecessor:} 7. Nbd2 Qe8 8. Nb3 Ne4 9. O-O Nxg5 10. Nxg5 Qh5 11. Nf3 f4 12. e3 g5 13. exf4 gxf4 {1-0 (31) Lanz,J (1501)-Weidenhoefer,M (1675) Playchess.com INT 2020}) 7... Qxf6 8. Nbd2 {Black has an edge.} b6 9. c4 Ba6 10. cxd5 exd5 11. O-O Nd7 (11... c6 $11) 12. Re1 (12. Qa4 $16 Nb8 13. Ne5) 12... Qe6 $2 {[%mdl 8192] [#]} (12... Bb7 $15 {stays ahead.}) 13. e3 $2 ({White must play} 13. Ng5 $18 Qg6 14. Bxd5+ {[%mdl 64] Double Attack} Kh8 15. Bxa8) 13... Nf6 $11 14. a3 Ne4 15. b4 Rae8 16. Qb3 Bb7 17. Nxe4 (17. b5 $11) 17... fxe4 $17 18. Nd2 Qf7 (18... h5 $17 {next ...h4! is good for Black.} 19. f4 Qf5) 19. Rf1 $11 Ba6 20. b5 Bc8 (20... Bb7 $11 {remains equal.}) 21. Nxe4 $2 {[%mdl 8192] [#]} (21. f3 $16 {[%cal Rf3e4] is forced if you want to stay better.} Qe6 22. fxe4 dxe4 23. Rxf8+ Bxf8 24. Qxe6+ Bxe6 25. Bxe4) 21... dxe4 $19 22. Qxf7+ Kxf7 23. Rac1 Bf5 24. a4 Ke6 25. Rc2 Rc8 26. Rfc1 Kd7 27. h3 h5 28. Rc4 Rfe8 29. R1c2 Be6 30. R4c3 (30. Bxe4 $142 Bxc4 31. Bc6+ Ke7 32. Bxe8) 30... Bd5 31. Rc1 Bb4 32. R3c2 Bd6 33. Rc3 $1 c6 34. bxc6+ Rxc6 35. Rxc6 Bxc6 36. Rd1 Bd5 37. Rc1 Rc8 38. Rxc8 Kxc8 39. g4 h4 40. Bf1 Kb7 41. Bb5 a6 42. Be8 Bc6 43. Bxc6+ Kxc6 {[%mdl 4096] Endgame KB-KP} 44. f3 Kd5 {Black mates.} 45. fxe4+ Kxe4 46. Kf2 Bg3+ 47. Ke2 b5 48. axb5 axb5 49. Kd2 Bf2 50. Kc3 Bxe3 51. Kb4 Bxd4 52. Kxb5 g5 53. Kc4 Be3 {Accuracy: White = 50%, Black = 64%.} 0-1

[Event "Stay Safe Play From Home 244"]
[Site "Emanuel Lasker Arena"]
[Date "2020.06.22"]
[Round "1"]
[White "Bishop91"]
[Black "Greblha"]
[Result "1-0"]
[WhiteElo "1748"]
[BlackElo "1957"]
[Annotator "NA RC"]
[PlyCount "101"]
[EventDate "2020.06.22"]
[EventType "swiss (blitz)"]

1. e4 {[%emt 0:00:01]} c6 {[%emt 0:00:01]} 2. Nf3 {[%emt 0:00:00]} d5 {[%emt 0:00:00]} 3. e5 {[%emt 0:00:00]} Bg4 {[%emt 0:00:02]} 4. d4 {[%emt 0:00:00]} e6 {[%emt 0:00:01]} 5. Be2 {[%emt 0:00:00]} Ne7 {[%emt 0:00:01]} 6. h3 {[%emt 0:00:01]} Bh5 {[%emt 0:00:02]} 7. Nbd2 {[%emt 0:00:03]} Bg6 {[%emt 0:00:08]} 8. c3 {[%emt 0:00:00]} Nd7 {[%emt 0:00:02]} 9. Nb3 {[%emt 0:00:01]} c5 {[%emt 0:00:01]} 10. O-O {[%emt 0:00:01]} Nc6 {[%emt 0:00:01]} 11. Be3 {[%emt 0:00:04]} cxd4 {[%emt 0:00:01]} 12. cxd4 {[%emt 0:00:02]} Be7 {[%emt 0:00:01]} 13. Rc1 {[%emt 0:00:01]} O-O {[%emt 0:00:00]} 14. Rc3 {[%emt 0:00:01]} a6 {[%emt 0:00:01]} 15. Qd2 {[%emt 0:00:01]} Rc8 {[%emt 0:00:01]} 16. Rfc1 {[%emt 0:00:01]} Ndb8 {[%emt 0:00:01]} 17. Nc5 {[%emt 0:00:03]} b6 {[%emt 0:00:02]} 18. Nxa6 {[%emt 0:00:03]} Nxa6 {[%emt 0:00:04]} 19. Bxa6 {[%emt 0:00:00]} Bb4 {[%emt 0:00:02]} 20. Bd3 {[%emt 0:00:02]} Bxc3 {[%emt 0:00:01]} 21. bxc3 {[%emt 0:00:00]} Na5 {[%emt 0:00:01]} 22. Bxg6 {[%emt 0:00:01]} hxg6 {[%emt 0:00:02]} 23. Ne1 {[%emt 0:00:03]} Nc4 {[%emt 0:00:01]} 24. Qd3 {[%emt 0:00:02]} Qc7 {[%emt 0:00:01]} 25. Nc2 {[%emt 0:00:02]} Ra8 {[%emt 0:00:01]} 26. Nb4 {[%emt 0:00:01]} Ra3 {[%emt 0:00:01]} 27. Bd2 {[%emt 0:00:03]} Rfa8 {[%emt 0:00:01]} 28. Qe2 {[%emt 0:00:03]} Rxa2 {[%emt 0:00:01]} 29. Nxa2 {[%emt 0:00:02]} Rxa2 {[%emt 0:00:00]} 30. Rd1 {[%emt 0:00:03]} Qa7 {[%emt 0:00:02]} 31. Qd3 {[%emt 0:00:01]} Nb2 {[%emt 0:00:05]} 32. Qc2 {[%emt 0:00:02]} Nxd1 {[%emt 0:00:01]} 33. Qxd1 {[%emt 0:00:00]} Ra1 {[%emt 0:00:00]} 34. Bc1 {[%emt 0:00:01]} Qa3 {[%emt 0:00:02]} 35. Kh2 {[%emt 0:00:02]} Rxc1 {[%emt 0:00:01]} 36. Qf3 {[%emt 0:00:01]} Qa2 {[%emt 0:00:01]} 37. Qg3 {[%emt 0:00:01]} Rc2 {[%emt 0:00:01]} 38. Kg1 {[%emt 0:00:03]} Rxf2 {[%emt 0:00:00]} 39. Qxf2 {[%emt 0:00:01]} Qxf2+ {[%emt 0:00:00]} 40. Kxf2 {[%emt 0:00:00]} Kf8 {[%emt 0:00:00]} 41. Ke3 {[%emt 0:00:00]} Ke7 {[%emt 0:00:00]} 42. Kd3 {[%emt 0:00:00]} Kd7 {[%emt 0:00:00]} 43. c4 {[%emt 0:00:00]} Kc6 {[%emt 0:00:00]} 44. cxd5+ {[%emt 0:00:01]} Kxd5 {[%emt 0:00:00]} 45. Kc3 {[%emt 0:00:00]} b5 {[%emt 0:00:00]} 46. Kd3 {[%emt 0:00:01]} b4 {[%emt 0:00:01]} 47. g4 {[%emt 0:00:01]} b3 {[%emt 0:00:00]} 48. Kc3 {[%emt 0:00:01]} b2 {[%emt 0:00:01]} 49. Kxb2 {[%emt 0:00:00]} Kxd4 {[%emt 0:00:00]} 50. Kb3 {[%emt 0:00:00]} Kxe5 {[%emt 0:00:00]} 51. Kc3 {[%emt 0:00:00] Zeit (Lag: Av=0.36s, max=1.2s)} 1-0

[Event "Stay Safe Play From Home 244"]
[Site "Emanuel Lasker Arena"]
[Date "2020.06.22"]
[Round "1"]
[White "Klasman"]
[Black "Weltszmerc"]
[Result "0-1"]
[WhiteElo "1222"]
[BlackElo "2199"]
[Annotator "TA"]
[PlyCount "30"]
[EventDate "2020.06.22"]
[EventType "swiss (blitz)"]

{[%evp 9,30,-4,29,10,89,76,219,138,310,328,319,214,389,277,368,279,413,393,382,257,287,0,193]} 1. f4 d5 2. c4 dxc4 3. e4 e5 4. Nf3 exf4 5. Bxc4 {[#]} Nf6 $146 ({Predecessor:} 5... c5 6. d3 Bg4 7. Bxf4 Bxf3 8. Qxf3 Nf6 9. O-O Nc6 10. Nc3 Nd4 11. Qg3 a6 12. Be5 b5 13. Bb3 b4 14. Ba4+ Nd7 15. Bxd4 cxd4 16. Qf4 bxc3 17. Qxf7# {1-0 (17) Gonet,G (1600)-Cirovic,Z (1543) FICGS email 2010}) 6. e5 {A03: Bird's Opening with 1...d5.} Ng4 (6... Nfd7 $11) 7. d4 $16 c5 (7... Nc6 $16 {keeps fighting.}) 8. d5 {White is clearly better.} (8. Bxf4 cxd4 9. Qb3 Qe7 $16) 8... Ne3 $2 {[#]} (8... g5 $16) 9. Bxe3 $1 $18 fxe3 10. Nc3 Bg4 $2 (10... g6 11. O-O Bg7) 11. Qe2 a6 {With the idea ...Bxf3.} 12. Qxe3 Bxf3 (12... b5 {is a better defense.} 13. Be2 Bxf3) 13. Qxf3 Qh4+ 14. g3 Qxc4 15. O-O-O $2 {[#]} (15. Rf1 $18 f6 16. Qf5) 15... g6 $2 {[%mdl 32768] Accuracy: White = 46%, Black =  9%. . Loss on time!?} (15... Be7 $1 $11 {and Black stays safe.}) 0-1